Twisted L-functions and monodromy (Record no. 140112)
[ view plain ]
| 000 -LEADER | |
|---|---|
| fixed length control field | 01574nam a2200361 a 4500 |
| 082 04 - DEWEY DECIMAL CLASSIFICATION NUMBER | |
| Classification number | 512/.74 |
| 100 1# - MAIN ENTRY--AUTHOR NAME | |
| Personal name | Katz, Nicholas M., |
| 245 10 - TITLE STATEMENT | |
| Title | Twisted L-functions and monodromy |
| 260 ## - PUBLICATION, DISTRIBUTION, ETC. (IMPRINT) | |
| Place of publication | Princeton : |
| Name of publisher | Princeton University Press, |
| Year of publication | 2002. |
| 300 ## - PHYSICAL DESCRIPTION | |
| Number of Pages | viii, 249 p. |
| 490 1# - SERIES STATEMENT | |
| Series statement | Annals of mathematics studies ; |
| 505 0# - FORMATTED CONTENTS NOTE | |
| Formatted contents note | pt. 1. Background material -- pt. 2. Twist sheaves, over an algebraically closed field -- pt. 3. Twist sheaves, over a finite field -- pt. 4. Twist sheaves over schemes of finite type over Z. |
| 650 #0 - SUBJECT ADDED ENTRY--TOPICAL TERM | |
| Topical Term | L-functions. |
| Topical Term | Monodromy groups. |
| 856 40 - ELECTRONIC LOCATION AND ACCESS | |
| Uniform Resource Identifier | http://site.ebrary.com/lib/rucke/Doc?id=10421690 |
No items available.
